Film Spoofs in Mad Magazine (1996-2020) - Statistics

General Stats
  • This quiz has been taken 58 times
  • The average score is 15 of 18
Answer Stats
Year Spoof Film % Correct
1999 The Faketrix The Matrix
100%
1998 Screech 2 Scream 2
98%
2003 8:Mild 8 Mile
96%
2008 Ironic, Man Iron Man
96%
2017 Fanatic Dweebs and How to Fleece Them Fantastic Beasts and Where to Find Them
93%
2010 Toyota Story Toy Story
93%
1999 Mild Mild Mess Wild Wild West
91%
1999 I'm Enterin' Pie American Pie
89%
1996 It's Depends Day Independence Day
89%
2013 Man of Veal Man of Steel
85%
2004 Fools of Rock School of Rock
83%
1996 Wishin' for the Impossible Mission Impossible
81%
2001 Cheesy Angles Charlie's Angels
76%
2000 Gatorader Gladiator
74%
1997 F*!@/OFF Face/Off
67%
1999 Satirize This Analyze This
54%
2018 Messy Layered One Ready Player One
48%
2019 Awkward, Man! Aquaman
46%
No matching quizzes found
Score Distribution
Percent of People with Each Score
Percentile by Number Answered
Your Score History
You have not taken this quiz